| 000 | 00748nam a2200229 i 4500 | ||
|---|---|---|---|
| 001 | bg | ||
| 245 | 7 | 0 |
_aNieuczciwa konkurencja : _borzecznictwo / _coprac. Przemysław Kierończyk. |
| 250 | _aStan prawny na dzień 17 sierpnia 1998 r. | ||
| 260 |
_aSopot : _b"Lex", _c1998. |
||
| 300 | _a243, [1] s. | ||
| 500 | _aZbiór zawiera ogłoszone zmiany, które wejdą w życie z dniem 1 stycznia 1999 r. | ||
| 650 | 9 |
_aKonkurencja _xprawo _zPolska _y1998 r. |
|
| 650 | 9 |
_aOrzecznictwo _zPolska _y1998 r. |
|
| 700 | 1 |
_aKIEROŃCZYK, Przemysław. _eOprac. |
|
| 020 | _a8371591691 | ||
| 040 | _cBPK | ||
| 041 | 0 | _apl | |
| 080 | _a346.54:347.91/.95:347.77](438) | ||
| 920 | _a83-7159-169-1 | ||
| 942 | _cKS | ||
| 008 | s pl f |000 0 pol | ||
| 999 |
_c36144 _d36144 |
||
| 856 |
_uhttp://koha.tu.koszalin.pl/cgi-bin/koha/opac-detail.pl?biblionumber=36144 _yKatalog online BPK |
||